Science Quiz

Random Science or Letter Quiz
Score 0/118 Timer 00:30
13 Plays Today
% Correct
Ca
97.5%
La
97.5%
Ch
96.7%
Se
96.4%
Ga
96.4%
Pr
96.3%
No
95.8%
Ru
95.8%
Ru
95.7%
Pl
95.5%
Fl
95.1%
Pr
94.9%
Hy
94.9%
Ge
94.9%
Te
94.8%
Pl
94.7%
Pr
94.7%
Se
94.5%
Be
94.5%
Ro
94.3%
Rh
94.3%
Ma
94.2%
Be
94.2%
Sc
94.1%
He
94.1%
Fl
94.1%
Fr
94.1%
Me
94%
Th
94%
Te
93.8%
Co
93.6%
Al
93.4%
Li
92.9%
Ac
92.9%
Ca
92.9%
St
92.8%
Da
92.7%
Si
92.6%
Po
92.6%
Ar
92.4%
% Correct
Br
91.9%
Pa
91.8%
Lu
91.7%
Ur
91.4%
Ga
91.3%
Am
91.2%
Me
91.2%
Po
91.2%
Dy
91.1%
Li
91%
Th
91%
Zi
91%
Mo
90.9%
Ti
90.5%
Yt
90.1%
Ca
90.1%
Ca
90%
Ei
89.9%
Ni
89.9%
Ni
89.8%
Te
89.2%
Og
88.8%
Bo
88.7%
Sa
88.6%
Ba
88.2%
Mo
88.2%
Ho
88.1%
Va
88.1%
An
88.1%
Ne
88%
As
88%
Ha
87.7%
Ne
87.6%
Ra
87.3%
Ch
86.9%
Si
86.9%
Er
86.3%
Ma
86%
Th
85.4%
Te
85.3%
% Correct
La
84.8%
Ni
84.6%
Eu
83.5%
So
83.5%
Rh
83.4%
Ni
83.1%
Ar
83%
Ru
82.7%
Os
82.4%
Ta
82.4%
Ce
82.4%
Bi
82.4%
Ca
82.4%
Ox
82.4%
Yt
81.7%
Co
81.5%
Ha
81.4%
Fe
80.7%
Io
79.9%
Du
78.8%
Cu
78.7%
Ir
78%
Ra
77.1%
Ir
77%
Ph
76.8%
Xe
75.7%
In
74.5%
Tu
74.5%
Me
73.2%
Co
72.6%
Kr
72.5%
Bo
72.3%
Zi
69.5%
Ne
68.6%
Ti
63.3%
Su
63%
Go
57.9%
Le
52.9%

You're not logged in!

Compare scores with friends on all Sporcle quizzes.
OR
Log In

Sporcle TV

Today on Sporcle TV


Watch our educational content, quiz creation guides, and fun videos on Sporcle TV.

Show Comments

Extras

Top Quizzes Today


Score Distribution

Paid Content

Your Account Isn't Verified!

In order to create a playlist on Sporcle, you need to verify the email address you used during registration. Go to your Sporcle Settings to finish the process.

Report this User

Report this user for behavior that violates our Community Guidelines.

Details: